000 00446nam a2200145Ia 4500
008 240729s9999 xx 000 0 und d
022 _a1944-6195
245 0 _aIn the Library with the Lead Pipe
260 _aUnited States
260 _bIn the Library with the Lead Pipe
650 _aBibliography. Library science. Information resources
856 _uhttps://doaj.org/toc/f519830a3f7f48a6b3611d5256547ab6
942 _2ddc
942 _cDOAJEJ
999 _c72439
_d72439
945 _a1
_bMadushi Gamage
_c1
_dMadushi Gamage